00330nam a2200121 a 450000500170000000800410001705000240005810000180008224500170010026000470011744000230016465000210018720140414132105.0100823s19uu xx 00 eng d aM 292.211bG17 1993 aGardner, Jane aRoman myths. aLondon :bThe British Museum Press,c1993. aThe legendary past aMythology, Roman